[Event "POLFINALY MISTRZOSTW POLSKI JUNIOROW 2021 C-13"]
[Site "Jatrzebia Gora"]
[Date "1899-12-30"]
[Round "7.3"]
[White "Sawicki, Dorian"]
[Black "Nagly, Wojciech"]
[Result "1/2-1/2"]
[WhiteTitle "I"]
[BlackTitle "II"]
[WhiteElo "1550"]
[BlackElo "1432"]

1. d4 c5 2. e3 cxd4 3. exd4 d5 4. Nf3 Nf6 5. Bd3 Bg4 6. h3 Bh5 7. O-O Nc6 8. c3
e6 9. Bf4 Bd6 10. Bxd6 Qxd6 11. Nbd2 O-O 12. Re1 Rfe8 13. Qb3 a6 14. Ne5 Qc7 15.
f4 Bg6 16. Bxg6 hxg6 17. Rf1 Na5 18. Qc2 Nc4 19. Ndxc4 dxc4 20. g4 Nd7 21. Rae1
Rad8 22. Re3 Nxe5 23. fxe5 Qe7 24. Qf2 Rf8 25. Qg3 f5 26. exf6 gxf6 27. Rfe1 Rd6
28. Qg2 Re8 29. Kh1 Kf7 30. g5 f5 31. Re5 b5 32. Qg3 Qb7+ 33. Kg1 Qe7 34. Kf1
Qd7 35. Qh4 Rg8 36. Kf2 b4 1/2-1/2

[Event "POLFINALY MISTRZOSTW POLSKI JUNIOROW 2021 C-13"]
[Site "Jatrzebia Gora"]
[Date "1899-12-30"]
[Round "7.4"]
[White "Jasiulewicz, Dawid"]
[Black "Gawlik, Olivier"]
[Result "1/2-1/2"]
[WhiteTitle "I"]
[BlackTitle "II"]
[WhiteElo "1654"]
[BlackElo "1183"]

1. d4 Nf6 2. Nf3 g6 3. c4 Bg7 4. Nc3 d5 5. cxd5 Nxd5 6. Bd2 O-O 7. Rc1 Nxc3 8.
Bxc3 c6 9. e3 Nd7 10. Be2 Nf6 11. O-O Bg4 12. Qb3 Qb6 13. Qa3 Qc7 14. h3 Bf5 15.
Rfd1 Rfd8 16. Nd2 Bf8 17. Qa4 a5 18. a3 b5 19. Qb3 a4 20. Qa2 h5 21. Bb4 Qd7 22.
Bf3 Rac8 23. b3 Be6 24. Qc2 Bxb3 25. Nxb3 axb3 26. Qxb3 Nd5 27. Ba5 Re8 28. e4
Nf6 29. Rc2 Ra8 30. Bb4 e6 31. d5 cxd5 32. exd5 exd5 33. Bxd5 Nxd5 34. Qxd5 Qxd5
35. Rxd5 Bxb4 36. axb4 Rab8 37. Rc7 Re4 38. Rdd7 Rf8 39. Rb7 Rxb4 40. Kf1 Rb2
41. g4 hxg4 42. hxg4 b4 43. Rd4 b3 44. Rd3 Rb1+ 45. Kg2 b2 46. Rd2 Kg7 47. Rdxb2
Rxb2 48. Rb4 Rb3 49. Rxb3 Rd8 50. Rb2 g5 51. f3 f6 52. Rb6 1/2-1/2

[Event "POLFINALY MISTRZOSTW POLSKI JUNIOROW 2021 C-13"]
[Site "Jatrzebia Gora"]
[Date "1899-12-30"]
[Round "7.5"]
[White "Uhryn, Mateusz"]
[Black "Wasiluk, Mateusz"]
[Result "1/2-1/2"]
[WhiteTitle "I"]
[BlackTitle "II"]
[WhiteElo "1393"]
[BlackElo "1263"]

1. d4 Nf6 2. c4 g6 3. Nc3 Bg7 4. e4 d6 5. Nf3 O-O 6. Be2 c5 7. O-O Nc6 8. d5 Na5
9. h3 e6 10. Be3 exd5 11. exd5 Re8 12. Qd2 b6 13. Rac1 Bf5 14. Bd3 Ne4 15. Nxe4
Bxe4 16. Bxe4 Rxe4 17. b3 Qd7 18. Bh6 Bh8 19. Rfe1 Rae8 20. Rxe4 Rxe4 21. Re1
Qe7 22. Rxe4 Qxe4 23. Qg5 Nb7 24. h4 Bg7 25. Bxg7 Kxg7 26. Nd2 Qe1+ 27. Nf1 Qe5
28. Qxe5+ dxe5 29. Nd2 Nd6 30. f3 f5 31. Kf2 Kf6 32. g4 fxg4 33. fxg4 e4 34. a3
a5 35. a4 Ke5 36. Ke3 h5 37. gxh5 Nf5+ 38. Ke2 gxh5 39. Nf1 Kf4 40. Kf2 Ke5 41.
Ng3 e3+ 42. Kf3 e2 43. Nxe2 Nxh4+ 44. Kf2 Nf5 45. Ng3 Nd4 46. Nxh5 Nxb3 47. Ke3
Nd4 48. Ng3 1/2-1/2

[Event "POLFINALY MISTRZOSTW POLSKI JUNIOROW 2021 C-13"]
[Site "Jatrzebia Gora"]
[Date "1899-12-30"]
[Round "7.6"]
[White "Wilgosz, Szczepan"]
[Black "Nocek, Dominik"]
[Result "1/2-1/2"]
[WhiteTitle "II"]
[BlackTitle "II"]
[WhiteElo "1297"]
[BlackElo "1428"]

1. e4 e5 2. Nf3 Nc6 3. Bb5 a6 4. Ba4 Nf6 5. d4 exd4 6. O-O Be7 7. Re1 b5 8. Bb3
d6 9. Bd5 Nxd5 10. exd5 Ne5 11. Nxd4 O-O 12. a4 Bd7 13. Nc3 b4 14. Ne4 Qe8 15.
f4 Ng6 16. f5 Ne5 17. f6 Bxf6 18. Nxf6+ gxf6 19. Bh6 Kh8 20. Bxf8 Qxf8 21. Qh5
Bg4 22. Qh4 Qg7 23. Re3 f5 24. Qf2 Rg8 25. Rg3 Qg5 26. h3 f4 27. Rxg4 Nxg4 28.
hxg4 Qxg4 29. Rf1 h5 30. Qf3 h4 31. Qxg4 Rxg4 32. Rf3 Rg5 33. Rxf4 Rxd5 34. Rxh4+
Kg7 35. Nb3 Rd1+ 36. Kf2 c5 37. Rc4 Rb1 38. Kf3 Kf6 39. Ke4 Ke6 40. Kd3 Rxb2 41.
Rh4 Rb1 42. Rh8 Kd5 43. Rh5+ Kc6 44. Na5+ Kd7 45. Nb3 Rg1 46. Rg5 Rf1 47. Rg8
Kc7 48. Ra8 Kb7 49. Rf8 Rf4 50. Na5+ Kb6 51. Nc4+ Kc7 52. Ne3 Kb7 53. Rd8 Rd4+
54. Ke2 Kb6 55. Rf8 Ka5 56. Rxf7 Kxa4 57. g4 c4 58. Rc7 d5 59. Rd7 b3 60. cxb3+
cxb3 61. Rxd5 Rb4 62. Rd1 b2 63. Rb1 Kb3 64. Nd1 Rxg4 65. Rxb2+ Ka3 66. Rb8 Rb4
67. Ra8 Rb6 68. Kd3 Kb3 69. Ne3 Rd6+ 70. Ke4 Kb4 71. Ke5 Rh6 72. Nd5+ Kc5 73.
Nc7 a5 1/2-1/2

[Event "POLFINALY MISTRZOSTW POLSKI JUNIOROW 2021 C-13"]
[Site "Jatrzebia Gora"]
[Date "1899-12-30"]
[Round "7.7"]
[White "Osinski, Maksymilian"]
[Black "Leszczewicz, Karol"]
[Result "1/2-1/2"]
[WhiteTitle "II"]
[BlackTitle "II+"]
[WhiteElo "1238"]
[BlackElo "1393"]

1. e4 c5 2. Nf3 a6 3. c3 e6 4. d4 d5 5. e5 Bd7 6. Bd3 cxd4 7. cxd4 Qb6 8. Nc3 Nc6
9. Bc2 Nb4 10. Bb1 Ne7 11. a3 Nbc6 12. O-O g6 13. Bc2 Bg7 14. Na4 Qc7 15. Bg5
O-O 16. Qd2 Rfe8 17. Bf6 Na5 18. Rac1 Nc4 19. Qg5 Nc6 20. Bxg7 Kxg7 21. Qf6+ Kg8
22. h4 Qd8 23. Qf4 Qe7 24. h5 Kg7 25. h6+ Kg8 26. Nc5 Bc8 27. Nd3 Rf8 28. g4 f6
29. Qg3 fxe5 30. dxe5 Rxf3 31. Qxf3 Nd2 32. Qf4 Nxf1 33. Kxf1 Bd7 34. Qf6 1/2-1/2

[Event "POLFINALY MISTRZOSTW POLSKI JUNIOROW 2021 C-13"]
[Site "Jatrzebia Gora"]
[Date "1899-12-30"]
[Round "7.9"]
[White "Nowakowski, Maksymilian"]
[Black "Przedlacki, Wiktor"]
[Result "0-1"]
[WhiteTitle "II"]
[BlackTitle "III"]
[WhiteElo "1368"]
[BlackElo "1176"]

1. c4 c5 2. Nc3 Nc6 3. e3 d6 4. Nge2 g6 5. g3 Bg7 6. Bg2 e5 7. O-O Nge7 8. b3 O-O
9. Bb2 Be6 10. Nb5 d5 11. cxd5 Bxd5 12. Bxd5 Nxd5 13. a3 Qe7 14. Rc1 Rac8 15.
Qc2 b6 16. d3 Rfd8 17. Rfd1 Qe6 18. e4 Nc7 19. Nxc7 Rxc7 20. Qc4 Qg4 21. Re1 Rcd7
22. Rc3 Bh6 23. Bc1 Bxc1 24. Nxc1 Nd4 25. Re3 Kg7 26. Kg2 f5 27. h3 Qh5 28. exf5
Qxf5 29. b4 Rf7 30. f3 Nxf3 31. Qxf7+ Qxf7 32. Rxf3 Qd5 33. Kf2 Qd4+ 0-1

[Event "POLFINALY MISTRZOSTW POLSKI JUNIOROW 2021 C-13"]
[Site "Jatrzebia Gora"]
[Date "1899-12-30"]
[Round "7.10"]
[White "Spionkowski, Fabian"]
[Black "Nagly, Krzysztof"]
[Result "0-1"]
[WhiteTitle "I+"]
[BlackTitle "II"]
[WhiteElo "1687"]
[BlackElo "1328"]

1. e4 d6 2. d4 Nf6 3. Nc3 Nbd7 4. f4 e5 5. fxe5 dxe5 6. dxe5 Nxe5 7. Qxd8+ Kxd8
8. Bf4 Bd6 9. O-O-O Ke7 10. Bg5 c6 11. Nf3 Bg4 12. Be2 Bxf3 13. Bxf3 Bb4 14. Ne2
Rad8 15. Ng3 g6 16. Rhf1 h6 17. Bh4 Ke6 18. Bxf6 Kxf6 19. a3 Bc5 20. Kb1 Ke6 21.
Rxd8 Rxd8 22. Ne2 g5 23. Bh5 Rd2 24. h3 Be3 25. Ng3 Rxg2 26. Nf5 Bf4 27. Rd1 Nc4
28. Nxh6 Nd6 29. Bg4+ Kf6 30. Bf3 Rg3 31. Ng4+ Ke7 32. Be2 Nxe4 33. Bd3 Nd2+ 34.
Ka2 Rxh3 35. Re1+ Kf8 36. Bf5 Nf3 37. Rd1 Nh2 38. Rd8+ Kg7 39. Rd7 Nxg4 40. Bxg4
Rh2 41. Be6 Kf6 42. Bb3 Rh7 43. Rxb7 g4 44. Rb4 Kg5 45. Rd4 g3 46. Rd1 Be3 0-1

[Event "POLFINALY MISTRZOSTW POLSKI JUNIOROW 2021 C-13"]
[Site "Jatrzebia Gora"]
[Date "1899-12-30"]
[Round "7.11"]
[White "Maciaga, Jan"]
[Black "Pachura, Mateusz"]
[Result "1/2-1/2"]
[WhiteTitle "II"]
[BlackTitle "III"]
[WhiteElo "1375"]
[BlackElo "1107"]

1. c4 e5 2. Nc3 Nc6 3. Nf3 Nf6 4. e3 g6 5. d4 exd4 6. exd4 Bg7 7. Bd3 O-O 8. O-O
d5 9. Re1 Bg4 10. Be3 Re8 11. Be2 dxc4 12. Qa4 Bxf3 13. Bxf3 Nxd4 14. Bxb7 Rb8
15. Qxa7 Ng4 16. Rad1 Qd6 17. g3 c5 18. Bg2 Rxb2 19. Ne4 Ne2+ 20. Kh1 Qe5 21.
Ng5 Qf5 22. Bd5 Nxf2+ 23. Bxf2 Qxf2 24. Qxf7+ Qxf7 25. Bxf7+ Kf8 26. Bxe8 Kxe8
27. Ne6 Bc3 28. Nf4 Bxe1 29. Rxe1 c3 30. Rxe2+ Kd7 31. Re1 Rd2 32. Ne2 c2 33.
Nc1 Rd1 34. Rg1 c4 35. Kg2 Kd6 36. Kf2 Ke5 37. Re1+ Kd4 38. a4 Kc3 39. Ke2 Rxe1+
40. Kxe1 Kb2 41. Ne2 c1=Q+ 42. Nxc1 Kxc1 43. a5 c3 44. a6 c2 45. a7 Kb2 46. a8=Q
c1=Q+ 47. Ke2 Qc2+ 48. Ke3 Qc1+ 49. Ke4 1/2-1/2

[Event "POLFINALY MISTRZOSTW POLSKI JUNIOROW 2021 C-13"]
[Site "Jatrzebia Gora"]
[Date "1899-12-30"]
[Round "7.12"]
[White "Kempinski, Szymon"]
[Black "Zmuda, Tomasz"]
[Result "0-1"]
[WhiteTitle "II"]
[BlackTitle "II"]
[WhiteElo "1103"]
[BlackElo "1343"]

1. e4 c5 2. Ne2 Nc6 3. Nbc3 e6 4. g3 d5 5. exd5 exd5 6. d3 Nf6 7. Bg2 d4 8. Ne4
Nxe4 9. Bxe4 Bd6 10. O-O Bd7 11. Re1 O-O 12. Nf4 g6 13. Qd2 h6 14. Nxg6 fxg6 15.
Bd5+ Rf7 16. Qxh6 Qf6 17. Bxf7+ Qxf7 18. Bf4 Bxf4 19. Qxf4 Qxf4 20. gxf4 Rf8 21.
Re4 Nb4 22. a3 Nd5 23. Rae1 Nxf4 24. f3 Bc6 25. Re5 Bxf3 26. Re8 Nh3+ 27. Kf1
Be2+ 0-1

[Event "POLFINALY MISTRZOSTW POLSKI JUNIOROW 2021 C-13"]
[Site "Jatrzebia Gora"]
[Date "1899-12-30"]
[Round "7.13"]
[White "Nowak, Maciej"]
[Black "Saletra, Wiktor"]
[Result "1-0"]
[WhiteTitle "II"]
[BlackTitle "II"]
[WhiteElo "1338"]
[BlackElo "1082"]

1. d4 e6 2. c4 d5 3. Nc3 c5 4. cxd5 cxd4 5. Qxd4 Nf6 6. Bg5 Nc6 7. Qd1 exd5 8.
Bxf6 Qxf6 9. e3 Bb4 10. Nge2 Bxc3+ 11. Nxc3 d4 12. exd4 Nxd4 13. Bb5+ Nxb5 14.
Qe2+ Qe6 15. Nxb5 O-O 16. Nc7 Qc6 17. Qe5 Qxg2 18. O-O-O Qc6+ 19. Kb1 Bf5+ 20.
Ka1 Qe4 21. Rde1 Qxe5 22. Rxe5 Rac8 23. Nd5 Rc2 24. Rxf5 Rd8 25. Rd1 g6 26. Kb1
Kg7 27. Rxf7+ Kxf7 28. Kxc2 Rc8+ 29. Nc3 Rc7 30. Rd3 Kf6 31. Kd2 Kf5 32. Ke2 Kg4
33. Rg3+ Kf5 34. Rf3+ Ke5 35. Kd2 a6 36. h4 Rd7+ 37. Ke3 Re7 38. Kd3 Rd7+ 39.
Ke2 h6 40. Rf8 h5 41. f4+ Ke6 42. Ne4 Rg7 43. Rf6+ Kd5 44. Ng5 Rg8 45. Rb6 Rg7
46. Kd3 Kc5 47. Ne6+ 1-0

[Event "POLFINALY MISTRZOSTW POLSKI JUNIOROW 2021 C-13"]
[Site "Jatrzebia Gora"]
[Date "1899-12-30"]
[Round "7.14"]
[White "Jaszczuk, Piotr"]
[Black "Blaszkiewicz, Jakub"]
[Result "1-0"]
[WhiteTitle "II"]
[BlackTitle "II"]
[WhiteElo "1344"]
[BlackElo "1462"]

1. e4 c5 2. Nf3 d6 3. d4 cxd4 4. Nxd4 Nf6 5. Nc3 g6 6. Be3 Bg7 7. f3 O-O 8. Qd2
Nc6 9. O-O-O d5 10. exd5 Nxd5 11. Nxc6 bxc6 12. Bd4 Bxd4 13. Qxd4 Qb6 14. Nxd5
cxd5 15. Qxb6 axb6 16. a3 Be6 17. Bd3 Rfb8 18. Bb5 Rc8 19. Rhe1 Rc5 20. a4 Bf5
21. Re2 h5 22. b4 Rc3 23. Rxd5 Rac8 24. Rdd2 e6 25. Kb2 h4 26. h3 Kg7 27. Bd3
Bxd3 28. Rxd3 R3c4 29. Kb3 R8c6 30. Red2 Kf6 31. Rd6 Ke5 32. Rxc6 Rxc6 33. c4
f5 34. b5 Rc7 35. Re2+ Kd6 36. f4 Rg7 37. Kb4 g5 38. Rd2+ Kc7 39. fxg5 Rxg5 40.
a5 bxa5+ 41. Kxa5 Rg3 42. c5 e5 43. c6 Ra3+ 44. Kb4 Ra1 45. Rd7+ Kc8 46. b6 Rb1+
47. Kc5 Rc1+ 48. Kd6 Rd1+ 49. Ke7 Rb1 50. Rd8# 1-0

[Event "POLFINALY MISTRZOSTW POLSKI JUNIOROW 2021 C-13"]
[Site "Jatrzebia Gora"]
[Date "1899-12-30"]
[Round "7.15"]
[White "Stanik, Szymon"]
[Black "Trusewicz, Jakub"]
[Result "1-0"]
[WhiteTitle "II"]
[BlackTitle "II"]
[WhiteElo "1372"]
[BlackElo "1222"]

1. e4 c5 2. Nf3 g6 3. d4 cxd4 4. Qxd4 Nf6 5. Nc3 Nc6 6. Qa4 d6 7. e5 dxe5 8. Nxe5
Bd7 9. Nxd7 Qxd7 10. Be3 a6 11. Rd1 Qc7 12. g3 Bg7 13. Bg2 O-O 14. O-O Rad8 15.
Bxc6 bxc6 16. Rxd8 Rxd8 17. Qxa6 Rc8 18. Rd1 Nd5 19. Nxd5 cxd5 20. c3 e6 21. a4
Rb8 22. Rd2 Bf6 23. a5 Kg7 24. Bb6 Qc6 25. h4 d4 26. Rxd4 Bd8 27. Rxd8 1-0

[Event "POLFINALY MISTRZOSTW POLSKI JUNIOROW 2021 C-13"]
[Site "Jatrzebia Gora"]
[Date "1899-12-30"]
[Round "7.16"]
[White "Krzastek, Adrian"]
[Black "Spytek, Hubert"]
[Result "1/2-1/2"]
[WhiteTitle "II"]
[BlackTitle "II"]
[WhiteElo "1220"]
[BlackElo "1220"]

1. e4 d5 2. exd5 Qxd5 3. Nc3 Qd6 4. d4 Nf6 5. Nf3 a6 6. g3 Bg4 7. h3 Bxf3 8. Qxf3
c6 9. Ne2 e6 10. Bg2 Qc7 11. O-O Bd6 12. Bf4 Nbd7 13. c3 Bxf4 14. Nxf4 O-O 15.
Rad1 Nd5 16. Nd3 Rab8 17. Rfe1 b5 18. Ne5 Rbc8 19. Nxd7 Qxd7 20. Qg4 Qe7 21. f4
Qf6 22. Re5 Rfd8 23. Rde1 Ne7 24. a3 Nf5 25. Rc5 Ne7 26. Rce5 Nf5 27. Rc5 Ne7
28. Rce5 Nf5 29. Rc5 Ne7 30. Rce5 Nf5 1/2-1/2

[Event "POLFINALY MISTRZOSTW POLSKI JUNIOROW 2021 C-13"]
[Site "Jatrzebia Gora"]
[Date "1899-12-30"]
[Round "7.18"]
[White "Kozik, Maksymilian"]
[Black "Filipczyk, Michal"]
[Result "0-1"]
[WhiteTitle "II"]
[BlackTitle "II"]
[WhiteElo "1201"]
[BlackElo "1136"]

1. e4 c5 2. Nf3 d6 3. d4 cxd4 4. Nxd4 Nf6 5. Nc3 a6 6. Be2 e6 7. O-O Be7 8. Bg5
b5 9. Bf3 e5 10. Nb3 Bb7 11. a3 Nbd7 12. Qd2 Nc5 13. Nxc5 dxc5 14. Qxd8+ Rxd8
15. Rad1 O-O 16. Bxf6 Bxf6 17. Ne2 a5 18. Ng3 g6 19. Be2 b4 20. axb4 axb4 21.
Bc4 Rd4 22. Rxd4 exd4 23. Re1 Be5 24. Nf1 Re8 25. f3 Kg7 26. Nd2 f5 27. Nb3 Bd6
28. e5 Rxe5 29. Rxe5 Bxe5 30. Nxc5 Bc6 31. Nd3 Bd6 32. h3 g5 33. Kf2 f4 34. Ke2
Kf6 35. Nc1 h5 36. Nb3 Be5 37. Kd3 g4 38. Nxd4 Bxd4 39. Kxd4 gxf3 40. gxf3 Bxf3
41. Bf1 Bh1 42. Kc4 f3 43. Kd4 Bg2 0-1

[Event "POLFINALY MISTRZOSTW POLSKI JUNIOROW 2021 C-13"]
[Site "Jatrzebia Gora"]
[Date "1899-12-30"]
[Round "7.19"]
[White "Owczarz, Michal"]
[Black "Renn, Grzegorz"]
[Result "1-0"]
[WhiteTitle "II"]
[BlackTitle "II"]
[WhiteElo "1180"]
[BlackElo "1125"]

1. e4 c5 2. Nf3 Nc6 3. d4 cxd4 4. Nxd4 Nf6 5. Nc3 e6 6. Ndb5 Bb4 7. a3 Bxc3+ 8.
Nxc3 d5 9. exd5 Nxd5 10. Nxd5 exd5 11. Bd3 O-O 12. O-O Ne5 13. Bxh7+ Kxh7 14.
Qh5+ Kg8 15. Qxe5 Re8 16. Qd4 Bf5 17. c3 Re4 18. Qd1 Qd6 19. Be3 Rh4 20. g3 Bh3
21. Re1 Qg6 22. Qxd5 Bf5 23. f3 Bh3 24. Re2 Re8 25. Rae1 Rh5 26. Qxb7 Rhe5 27.
Kf2 Rxe3 28. Rxe3 Rxe3 29. Rxe3 f6 30. Qe4 Bf5 31. Qe8+ Kh7 32. Qxg6+ 1-0

[Event "POLFINALY MISTRZOSTW POLSKI JUNIOROW 2021 C-13"]
[Site "Jatrzebia Gora"]
[Date "1899-12-30"]
[Round "7.20"]
[White "Kolendo, Tymon"]
[Black "Sambor, Piotr"]
[Result "1/2-1/2"]
[WhiteTitle "III"]
[BlackTitle "II"]
[WhiteElo "1086"]
[BlackElo "1107"]

1. d4 d5 2. c4 e6 3. Nc3 c5 4. Nf3 Nc6 5. e3 a6 6. cxd5 exd5 7. dxc5 Nf6 8. a3
Bxc5 9. Be2 b5 10. b4 Bb6 11. Bb2 Bb7 12. O-O O-O 13. Qd3 d4 14. exd4 Nxd4 15.
Nxd4 Qxd4 16. Qxd4 Bxd4 17. Rad1 Rad8 18. Rd3 Rd7 19. Rfd1 Rfd8 20. Ne4 Bxe4 21.
Rxd4 Rxd4 22. Rxd4 Rxd4 23. Bxd4 Nd5 24. g3 f6 25. f3 Bc2 26. f4 f5 27. Kf2 Kf7
28. Bf3 Be4 29. Bd1 g6 30. Bb3 Ke6 1/2-1/2

[Event "POLFINALY MISTRZOSTW POLSKI JUNIOROW 2021 C-13"]
[Site "Jatrzebia Gora"]
[Date "1899-12-30"]
[Round "7.21"]
[White "Krasniewski, Grzegorz"]
[Black "Weber, Dorian"]
[Result "0-1"]
[WhiteTitle "III"]
[BlackTitle "III"]
[WhiteElo "1075"]
[BlackElo "1002"]

1. e4 c5 2. Nf3 d6 3. d4 cxd4 4. Nxd4 Nf6 5. Nc3 g6 6. Be3 Bg7 7. f3 O-O 8. Bc4
Nc6 9. Qd2 Bd7 10. O-O-O Rb8 11. Bh6 Nxd4 12. Bxg7 Nxf3 13. Qh6 Ng4 14. Qf4 Kxg7
15. Qxf3 Ne5 16. Qe2 Bg4 17. Qf1 Bxd1 18. Nxd1 Rc8 19. Bb3 Qb6 20. Nc3 Ng4 21.
Nd5 Qf2 22. Qxf2 Nxf2 23. Re1 Nd3+ 24. Kd2 Nxe1 25. Kxe1 e6 26. Nf4 Rc5 0-1

[Event "POLFINALY MISTRZOSTW POLSKI JUNIOROW 2021 C-13"]
[Site "Jatrzebia Gora"]
[Date "1899-12-30"]
[Round "8.1"]
[White "Nagly, Wojciech"]
[Black "Warchol, Kamil"]
[Result "0-1"]
[WhiteTitle "II"]
[BlackTitle "CM"]
[WhiteElo "1432"]
[BlackElo "1976"]

1. e4 c5 2. d3 a6 3. g3 b5 4. Bg2 Bb7 5. f4 e6 6. Nf3 d5 7. e5 Ne7 8. d4 Nf5 9.
c3 Nc6 10. Na3 h5 11. Nc2 Qb6 12. Bh3 Nh6 13. Be3 g6 14. dxc5 Bxc5 15. Bxc5 Qxc5
16. Ncd4 Na5 17. Rc1 Nc4 18. Qe2 O-O 19. b3 Nb6 20. Qd3 Nf5 21. g4 Nxd4 22. Nxd4
Qe7 23. gxh5 Qh4+ 24. Qg3 Qxh5 25. Bg4 Qh6 26. h4 Nd7 27. Ke2 Nc5 28. h5 Ne4 29.
Qf3 g5 30. f5 exf5 31. Nxf5 Qe6 32. Ng3 f5 0-1

[Event "POLFINALY MISTRZOSTW POLSKI JUNIOROW 2021 C-13"]
[Site "Jatrzebia Gora"]
[Date "1899-12-30"]
[Round "8.2"]
[White "Kowalski, Witold"]
[Black "Sawicki, Dorian"]
[Result "1/2-1/2"]
[WhiteTitle "II+"]
[BlackTitle "I"]
[WhiteElo "1480"]
[BlackElo "1550"]

1. e4 c5 2. Nf3 e6 3. d4 cxd4 4. Nxd4 a6 5. a3 Nf6 6. Nc3 Qc7 7. Bd3 Nc6 8. Nb3
Be7 9. O-O O-O 10. f4 d6 11. Qf3 b5 12. Bd2 Bb7 13. Rae1 Nd7 14. Kh1 Bf6 15. Qh3
g6 16. Re3 Rae8 17. Rg3 Qd8 18. Rgf3 Bg7 19. Be1 f5 20. Re3 Nc5 21. Nxc5 dxc5
22. e5 Qc7 23. b3 Nd4 24. Ne2 Nc6 25. c4 Na7 26. Nc3 Qb6 27. Qg3 Rd8 28. Qf2 Rf7
29. Qc2 Qc6 30. Bh4 Rd4 31. Rd1 Rxf4 32. Bg3 Rd4 33. Rf3 Rdd7 34. Qe2 bxc4 35.
Bxc4 g5 36. Rfd3 f4 37. Rxd7 Rxd7 38. Rxd7 Qxd7 39. Qg4 Bc8 40. Bf2 1/2-1/2

[Event "POLFINALY MISTRZOSTW POLSKI JUNIOROW 2021 C-13"]
[Site "Jatrzebia Gora"]
[Date "1899-12-30"]
[Round "8.3"]
[White "Dobosiewicz, Dawid"]
[Black "Bartnik, Michal"]
[Result "1-0"]
[WhiteTitle "I"]
[BlackTitle "II+"]
[WhiteElo "1678"]
[BlackElo "1595"]

1. c4 c5 2. g3 Nc6 3. Bg2 g6 4. Nc3 Bg7 5. d3 d6 6. e4 e5 7. Nge2 Nge7 8. O-O O-O
9. a3 h6 10. Rb1 b6 11. b4 Be6 12. Nd5 Bxd5 13. cxd5 Nd4 14. bxc5 dxc5 15. Nxd4
cxd4 16. f4 Kh7 17. fxe5 Bxe5 18. Qb3 f5 19. Bf4 Qd6 20. Qb4 Qf6 21. Rbe1 a5 22.
Qb5 Bxf4 23. gxf4 fxe4 24. dxe4 Rad8 25. Qd3 Qh4 26. Qxd4 Nc8 27. e5 Qe7 28. d6
Qe6 29. Qd5 Qxd5 30. Bxd5 Nxd6 31. exd6 Rxd6 32. Re7+ Kh8 33. Be4 Rdf6 34. Kg2
Rxf4 35. Rxf4 Rxf4 36. a4 Rf6 37. Bd3 Rd6 38. Bb5 Rd2+ 39. Kg3 Rd8 40. Re6 Rb8
41. Rxg6 Kh7 42. Bd3 Kh8 43. Rxh6+ Kg7 44. Rc6 Kf7 45. Bc4+ Ke7 46. h4 Kd7 47.
Rf6 Rd8 48. Rxb6 Kc7 49. Rf6 Rd4 50. Bb5 Kd8 51. h5 1-0

[Event "POLFINALY MISTRZOSTW POLSKI JUNIOROW 2021 C-13"]
[Site "Jatrzebia Gora"]
[Date "1899-12-30"]
[Round "8.4"]
[White "Wasiluk, Mateusz"]
[Black "Jasiulewicz, Dawid"]
[Result "1-0"]
[WhiteTitle "II"]
[BlackTitle "I"]
[WhiteElo "1263"]
[BlackElo "1654"]

1. e4 c5 2. Nf3 d6 3. Bb5+ Bd7 4. Bxd7+ Qxd7 5. c4 Nf6 6. Nc3 Nc6 7. d4 cxd4 8.
Nxd4 g6 9. f3 Bg7 10. Be3 a6 11. O-O O-O 12. Qd2 Rac8 13. b3 Nxd4 14. Bxd4 Nh5
15. Nd5 Rc6 16. Rad1 Rb8 17. Rfe1 Bxd4+ 18. Qxd4 Ng7 19. e5 Ne6 20. Qh4 Re8 21.
Qh6 b5 22. Nf6+ exf6 23. exf6 Kh8 24. Re4 Rg8 1-0

[Event "POLFINALY MISTRZOSTW POLSKI JUNIOROW 2021 C-13"]
[Site "Jatrzebia Gora"]
[Date "1899-12-30"]
[Round "8.5"]
[White "Przedlacki, Wiktor"]
[Black "Uhryn, Mateusz"]
[Result "1/2-1/2"]
[WhiteTitle "III"]
[BlackTitle "I"]
[WhiteElo "1176"]
[BlackElo "1393"]

1. e4 c5 2. Nf3 d6 3. d4 cxd4 4. Nxd4 Nf6 5. Nc3 a6 6. Bg5 Nbd7 7. Be2 Qc7 8. O-O
e6 9. Nb3 Be7 10. Qd2 O-O 11. Rad1 b5 12. a3 Bb7 13. f3 Rad8 14. Be3 Nb6 15. Bxb5
axb5 16. Nxb5 Qc6 17. Na7 Qc7 18. Nb5 Qc6 19. Na7 Qc7 20. Nb5 Qc6 21. Na7 Qc7
22. Nb5 Qc6 23. Na7 Qc7 24. Nb5 Qc6 25. Na7 Qc7 26. Nb5 Qc6 27. Na7 Qc7 28. Nb5
Qc6 29. Na7 Qc7 30. Nb5 Qc6 1/2-1/2

[Event "POLFINALY MISTRZOSTW POLSKI JUNIOROW 2021 C-13"]
[Site "Jatrzebia Gora"]
[Date "1899-12-30"]
[Round "8.6"]
[White "Wandor, Adam"]
[Black "Gawlik, Olivier"]
[Result "1/2-1/2"]
[WhiteTitle "II"]
[BlackTitle "II"]
[WhiteElo "1373"]
[BlackElo "1183"]

1. e4 c5 2. Nf3 e6 3. d4 cxd4 4. Nxd4 Nf6 5. Bd3 Nc6 6. Nxc6 dxc6 7. a3 e5 8. h3
h6 9. Nc3 Be6 10. Be3 Bd6 11. Qe2 Qe7 12. O-O g5 13. g4 Nd7 14. Kg2 Nf8 15. f3
Ng6 16. Qf2 b6 17. Ne2 Nf4+ 18. Nxf4 gxf4 19. Bd2 Bc5 20. Qe1 h5 21. Rh1 Rg8 22.
Qe2 b5 23. b4 Bd6 24. c4 a6 25. c5 Bc7 26. a4 Bd7 27. a5 f6 28. Rad1 Kf7 29. Bc2
Be6 30. Bc3 Rad8 31. Rxd8 Qxd8 32. Qd1 Qe7 33. Qc1 Rd8 34. Rd1 Rh8 35. Rh1 Qf8
36. Qd1 Ke7 37. Qc1 Qg7 38. Qd1 Qf7 39. Qe2 Qh7 40. Qd1 hxg4 41. hxg4 Qh6 42.
Qg1 Qxh1+ 43. Qxh1 Rxh1 44. Kxh1 Kf7 45. Kg2 Kg6 46. Be1 Bc4 47. Bc3 Bd8 48. Be1
Be7 49. Bc3 Bf8 50. Be1 Kg5 51. Bd1 Bh6 52. Bf2 Kg6 53. Bh4 Bg5 54. Bxg5 Kxg5
55. Bc2 Kh4 56. Bd1 Kg5 57. Bc2 1/2-1/2

[Event "POLFINALY MISTRZOSTW POLSKI JUNIOROW 2021 C-13"]
[Site "Jatrzebia Gora"]
[Date "1899-12-30"]
[Round "8.8"]
[White "Leszczewicz, Karol"]
[Black "Wilgosz, Szczepan"]
[Result "0-1"]
[WhiteTitle "II+"]
[BlackTitle "II"]
[WhiteElo "1393"]
[BlackElo "1297"]

1. c4 Nf6 2. Nc3 g6 3. g3 Bg7 4. Bg2 O-O 5. Nf3 d6 6. O-O e5 7. d3 a5 8. h3 c6
9. a3 Be6 10. Be3 Na6 11. Rb1 Nh5 12. b4 axb4 13. axb4 d5 14. cxd5 cxd5 15. d4
e4 16. Nd2 f5 17. b5 Nb8 18. Nb3 Nd7 19. Qd2 f4 20. Bxf4 Nxf4 21. gxf4 Qh4 22.
Nc5 Bxh3 23. Nxd7 Qg4 24. Nf6+ Rxf6 25. Nxd5 Qxg2# 0-1

[Event "POLFINALY MISTRZOSTW POLSKI JUNIOROW 2021 C-13"]
[Site "Jatrzebia Gora"]
[Date "1899-12-30"]
[Round "8.9"]
[White "Zmuda, Tomasz"]
[Black "Osinski, Maksymilian"]
[Result "1-0"]
[WhiteTitle "II"]
[BlackTitle "II"]
[WhiteElo "1343"]
[BlackElo "1238"]

1. e4 c5 2. Nf3 d6 3. d4 cxd4 4. Nxd4 Nf6 5. Nc3 g6 6. f4 Nc6 7. Nf3 Bg4 8. h3
Bxf3 9. Qxf3 Bg7 10. Bb5 O-O 11. Bxc6 bxc6 12. O-O Qb6+ 13. Kh1 Nd7 14. Rb1 Bd4
15. Qd3 Bg7 16. Be3 Nc5 17. Qc4 Bxc3 18. bxc3 Qa5 19. f5 Kg7 20. f6+ exf6 21.
Qd4 Qd8 22. Rxf6 Qxf6 23. Bh6+ Kxh6 24. Qxf6 d5 25. g4 Nxe4 26. g5+ Kh5 27. Qf4
f5 28. Rg1 Rab8 29. Qf3+ Kh4 30. Rg4+ Kh5 31. Rxe4+ Kxg5 32. Qe3+ Kh5 33. h4 Rb1+
34. Kg2 f4 35. Rxf4 Rxf4 36. Qxf4 h6 37. Qf3+ Kxh4 38. Qf2+ Kg5 39. Kg3 Rg1+ 40.
Qxg1 Kf6 41. Qxa7 h5 42. a4 g5 43. a5 h4+ 44. Kg4 h3 45. Kxh3 Kf5 46. Qd7+ Ke5
47. a6 d4 48. Qxd4+ Ke6 49. a7 c5 50. Qxc5 g4+ 51. Kh4 g3 52. a8=R g2 53. Ra6+
Kd7 54. Rd6+ Ke8 55. Qe5+ Kf7 56. Rf6+ Kg7 57. Qg5+ Kh7 58. Rh6# 1-0

[Event "POLFINALY MISTRZOSTW POLSKI JUNIOROW 2021 C-13"]
[Site "Jatrzebia Gora"]
[Date "1899-12-30"]
[Round "8.10"]
[White "Jaszczuk, Piotr"]
[Black "Maciaga, Jan"]
[Result "1/2-1/2"]
[WhiteTitle "II"]
[BlackTitle "II"]
[WhiteElo "1344"]
[BlackElo "1375"]

1. e4 c5 2. Nf3 e6 3. d4 cxd4 4. Nxd4 Nf6 5. Nc3 Bb4 6. Qd3 Nc6 7. Nxc6 bxc6 8.
Bg5 Be7 9. Be2 d5 10. exd5 cxd5 11. O-O O-O 12. Rad1 Rb8 13. b3 Bd7 14. f4 Rc8
15. Nb1 Ne4 16. Bxe7 Qxe7 17. c4 Bc6 18. Bf3 dxc4 19. bxc4 Nc5 20. Qd6 Qxd6 21.
Rxd6 Bxf3 22. Rxf3 Rfd8 23. Rxd8+ Rxd8 24. Nc3 Rd4 25. Nb5 Rxc4 26. Nxa7 Ra4 27.
Nc6 Rxa2 28. h3 h6 29. Rc3 Ne4 30. Rd3 h5 31. Ne5 Ra1+ 32. Kh2 h4 33. Rd8+ Kh7
34. Nf3 Nf6 35. Rf8 Ra4 36. Ng5+ Kg6 37. Rxf7 Nh5 38. Rd7 Nxf4 39. Nf3 Nd5 40.
Rd6 Kf6 41. Rc6 g5 42. Rc2 Ra1 43. Re2 Ne7 44. g3 hxg3+ 45. Kxg3 Nf5+ 46. Kg2
Ra3 47. Rf2 Ra5 48. Nd4 Rd5 49. Nf3 Kg6 50. Re2 Kf6 51. Re4 Rb5 52. Re2 Nh4+ 53.
Nxh4 gxh4 54. Re4 Rh5 55. Kf3 Kf5 1/2-1/2